Import policy for actual users for machinery and equipment. (Record no. 73620)

MARC details
000 -LEADER
fixed length control field 00973cam a22002771 4500
001 - CONTROL NUMBER
control field sa 67003093
003 - CONTROL NUMBER IDENTIFIER
control field DLC
005 - DATE AND TIME OF LATEST TRANSACTION
control field 20260227112335.0
008 - FIXED-LENGTH DATA ELEMENTS--GENERAL INFORMATION
fixed length control field 861113s1965 ii r 000 0 eng
010 ## - LIBRARY OF CONGRESS CONTROL NUMBER
LC control number sa 67003093
025 ## - OVERSEAS ACQUISITION NUMBER
Overseas acquisition number PL480:I-E-6354
035 ## - SYSTEM CONTROL NUMBER
System control number (OCoLC)14706110
040 ## - CATALOGING SOURCE
Original cataloging agency DLC
Transcribing agency WaU
Modifying agency OCoLC
-- DLC
042 ## - AUTHENTICATION CODE
Authentication code premarc
050 00 - LIBRARY OF CONGRESS CALL NUMBER
Classification number HD9705.I42
Item number A52 1965
110 1# - MAIN ENTRY--CORPORATE NAME
Corporate name or jurisdiction name as entry element India.
Subordinate unit Directorate General of Technical Development.
245 10 - TITLE STATEMENT
Title Import policy for actual users for machinery and equipment.
250 ## - EDITION STATEMENT
Edition statement 2d ed. (as on 15-2-1965)
260 ## - PUBLICATION, DISTRIBUTION, ETC.
Place of publication, distribution, etc. Delhi,
Name of publisher, distributor, etc. Manager of Publications,
Date of publication, distribution, etc. 1965.
300 ## - PHYSICAL DESCRIPTION
Extent viii, 281 p.
Dimensions 25 cm.
500 ## - GENERAL NOTE
General note First ed. issued by the Development Wing, Govt. of India.
650 #0 - SUBJECT ADDED ENTRY--TOPICAL TERM
Topical term or geographic name entry element Machinery industry
Geographic subdivision India
Form subdivision Directories.
650 #0 - SUBJECT ADDED ENTRY--TOPICAL TERM
Topical term or geographic name entry element Machinery industry
Geographic subdivision India.
650 #0 - SUBJECT ADDED ENTRY--TOPICAL TERM
Topical term or geographic name entry element Import quotas
Geographic subdivision India.
710 1# - ADDED ENTRY--CORPORATE NAME
Corporate name or jurisdiction name as entry element India (Republic).
Subordinate unit Development Wing.
Title of a work Import policy for actual users for machinery and equipment.

No items available.

Powered by Koha